000 00725nam a22002057i 4500
999 _c22992
_d22992
003 AR-CdUCM
008 240815b20212021 pe||||| |||| 00| 0 spa d
040 _aMUNICIPALIDAD PROVINCIAL DEL CUSCO
_cBIBLIOTECA MUNICIPAL DEL CUSCO
082 _aEP/ 803 / P42V
_bP42V
100 _aPeña Puma, Sirio.
_950200
245 _aUna ventanita al mundo /
260 _aCusco :
_c2021
300 _a92 páginas. :
_bIlustraciones a color,
_c21 cm.
505 _aEl avión de Ana--Elías y los elefantes--Inés va a la iglesia--Oscar rompe una olla
650 _aRazonamiento verbal
_950201
650 _aCuentos
_950202
700 _aQuispe Puma, Abraan Jaime [Ilustrador]
_950203
942 _2ddc
_cLIBROS
945 _apbj
_d2024-08-15